|
|
|
|
| LEADER |
00000nam0a2200000 4500 |
| 001 |
339947 |
| 005 |
20231102005206.0 |
| 020 |
|
|
|a RU
|b 80-80776
|
| 035 |
|
|
|a (RuTPU)RU\TPU\book\366491
|
| 090 |
|
|
|a 339947
|
| 100 |
|
|
|a 20180206d1980 km y0rusy5003 ca
|
| 101 |
0 |
|
|a rus
|
| 102 |
|
|
|a BY
|
| 105 |
|
|
|a a z 001zy
|
| 200 |
1 |
|
|a Скоростное внутренее шлифование
|f П. И. Ящерицын, И. П. Караим
|
| 210 |
|
|
|a Минск
|c Наука и техника
|d 1980
|
| 215 |
|
|
|a 279 с.
|c ил.
|
| 320 |
|
|
|a Библиогр.: с. 268-271
|
| 320 |
|
|
|a Библиогр.: с. 272-276
|
| 606 |
1 |
|
|a Шлифование внутренние
|2 stltpush
|3 (RuTPU)RU\TPU\subj\19326
|9 44583
|
| 610 |
1 |
|
|a скоростные методы
|
| 610 |
1 |
|
|a внутришлифовальные круги
|
| 610 |
1 |
|
|a геометрические параметры
|
| 610 |
1 |
|
|a износ
|
| 610 |
1 |
|
|a мощность
|
| 610 |
1 |
|
|a внутришлифовальные станки
|
| 610 |
1 |
|
|a внутришлифовальные шпиндели
|
| 610 |
1 |
|
|a охлаждение
|
| 610 |
1 |
|
|a эффективность
|
| 675 |
|
|
|a 621.924.5
|z rus
|v 3
|
| 700 |
|
1 |
|a Ящерицын
|b П. И.
|g Петр Иванович
|4 070
|
| 701 |
|
1 |
|a Караим
|b И. П.
|g Иван Павлович
|4 070
|
| 801 |
|
0 |
|a RU
|b RuMRKP
|c 19950704
|g psbo
|
| 801 |
|
1 |
|a RU
|b 63413507
|c 20180206
|
| 801 |
|
2 |
|a RU
|b 63413507
|c 20180301
|g RCR
|
| 942 |
|
|
|c BK
|